Notable Abolitionists of the Antebellum and American Civil War - Statistics

General Stats
  • This quiz has been taken 240 times
  • The average score is 3 of 10
Answer Stats
Hint Answer % Correct
Responsible for the Pottawatomie Massacre and Harpers Ferry Raid John Brown
90%
Wrote "Uncle Tom's Cabin" Harriet Beecher Stowe
83%
Escaped slavery, and publicly spoke of his experiences Frederick Douglass
75%
Co-founded the American Anti-Slavery Society William Lloyd Garrison
39%
A minister and journalist, his printing press was destroyed 3 times before he himself was killed by a pro-slavery mob Elijah Parish Lovejoy
12%
Wrote "The Philosophy of the Abolitionist Movement" Wendell Phillips
5%
Wrote "American Slavery as It Is: Testimony of a Thousand Witnesses" Theodore Dwight Weld
4%
Spent a small fortune freeing slaves, and served in the House of Representatives Gerrit Smith
3%
Helped 2,700 slaves in Delaware escape to Freedom Thomas Garrett
1%
Industrialist who played an important role in the Formation of the 54th Massachusetts Volunteer Regiment, one of the first African-American regiments of the war George Luther Stearns
0%
No matching quizzes found
Score Distribution
Percent of People with Each Score
Percentile by Number Answered
Your Score History
You have not taken this quiz